MARC details
| 000 -CABECERA |
| campo de control de longitud fija |
04198nam a22004217a 4500 |
| 001 - NÚMERO DE CONTROL |
| campo de control |
BRCA_9316 |
| 002 - NÚMERO DE PROCEDENCIA |
| campo de control |
LM-8 (19-48) |
| 003 - IDENTIFICADOR DEL NÚMERO DE CONTROL |
| campo de control |
FranzMayer |
| 005 - FECHA Y HORA DE LA ÚLTIMA TRANSACCIÓN |
| campo de control |
20260505163916.0 |
| 006 - CÓDIGOS DE INFORMACIÓN DE LONGITUD FIJA--CARACTERÍSTICAS DEL MATERIAL ADICIONAL |
| campo de control de longitud fija |
a||||gr|||| 00| d |
| 007 - CAMPO FIJO DE DESCRIPCIÓN FÍSICA--INFORMACIÓN GENERAL |
| campo de control de longitud fija |
ta |
| 008 - DATOS DE LONGITUD FIJA--INFORMACIÓN GENERAL |
| campo de control de longitud fija |
251211s1798 sp a|||grf||| 00| 0 spa d |
| 040 ## - FUENTE DE LA CATALOGACIÓN |
| Centro catalogador/agencia de origen |
BMFMF |
| Lengua de catalogación |
spa |
| 041 0# - CODIGO DE IDIOMA |
| Código de idioma para texto/pista de sonido o título separado |
spa |
| 050 #4 - SIGNATURA TOPOGRÁFICA DE LA BIBLIOTECA DEL CONGRESO |
| Número de clasificación |
TS545 |
| Número de documento/Ítem |
.R56 1798 (LM-8 (19-48)) |
| 100 1# - ENTRADA PRINCIPAL--NOMBRE DE PERSONA |
| Nombre de persona |
Rio, Manuel de |
| Fechas asociadas al nombre |
(ca. 1690-1766) |
| 9 (RLIN) |
30090 |
| 245 10 - MENCIÓN DE TÍTULO |
| Título |
Arte de reloxes de ruedas, para torre, sala, y faltriquera. Tomo primero / |
| Mención de responsabilidad, etc. |
Manuel del Rio |
| 246 10 - FORMA VARIANTE DE TÍTULO |
| Título propio/Titulo breve |
Arte de relojes de ruedas, para torre, sala y faltriquera |
| 260 ## - PUBLICACIÓN, DISTRIBUCIÓN, ETC. |
| Lugar de publicación, distribución, etc. |
Madrid, España : |
| Nombre del editor, distribuidor, etc. |
en la oficina de don Antonio Cruzado Reimpresos á costa de don Ramon Duran (su discípulo) , |
| Fecha de publicación, distribución, etc. |
1798 |
| 300 ## - DESCRIPCIÓN FÍSICA |
| Extensión |
360 páginas : |
| Otras características físicas |
Grabados , |
| Dimensiones |
21 x 15 x 3.5 cm |
| 520 3# - SUMARIO, ETC. |
| Sumario, etc. |
Obra publicada por primera vez en 1759 en España. Sin embargo, esta edición corresponde a una publicada casi cuarenta años despúes. Este libro es el primero de dos tomos y en él se explican temas relacionados tanto con el mantenimiento, como con la construcción y mecánica o funcionamento de distintos tipos de relojes. |
| Ampliación de la nota de sumario |
Uno de los mayores aportes de este tratado es que Manuel del Río fue el primero en dar instrucciones para la construcción de relojes autómatas para iglesias. Además, incluye varios grabados de Cipriano Maré con ilustraciones de relojes, herramientas, engranajes y otros elementos gráficos. |
| 563 ## - NOTA DE ENCUADERNACIÓN |
| Nota de encuadernación |
Otras referencias físicas: Encuadernación entera en piel decorada. El papel del cuerpo del libro está formado por pulpa de trapo, hecho a mano, con marcas de verjurado y marcas de agua. El cuerpo del libro está formado por cuadernillos unidos mediante costura alternada sobre dos soportes de material no identificado; las prolongaciones se usaron para unir el cuerpo a la cartera. Hojas de guarda decoradas, con marcas de verjurado. Lomera ligeramente redondeada y adherida al lomo. Cantos del cuerpo refinados más de una vez y pulidos. Soportes de las tapas de cartón. Decoración con dorado en el lomo. Las costillas no corresponden al número de soportes de costura y están marcadas a través de la decoración. Tiene 6 casillas, dos de ellas con tejuelos negros y el texto grabado en dorado (en la segunda casilla el título y en la tercera casilla el número "1"). Texto impreso |
| 591 ## - ESTADO DE CONSERVACIÓN |
| Estado de conservación |
Estado de Conservación: Bueno |
| 591 ## - ESTADO DE CONSERVACIÓN |
| Estado de conservación |
Descripción de conservación: Suciedad general, manchas y dobleces mínimos, amarillamiento y foxing. Cantos de las tapas abrasionados, puntas de pie ligeramente desnudas y pérdida de la última capa de piel en diversas zonas del lomo |
| 592 ## - MARCAS ADICIONALES |
| MARCAS ADICIONALES |
Marcas Adicionales: - Resto del título e información en portada: <<Dividia en dos tomos, é iluminada con trece estampas finas, en que están retratadas varias invenciones, y los instrumentos de la reloxería, con instrucciones fáciles, para que todos los ingeniosos puedan ser pefectos reloxeros sin tener maestro. Lleva tambien las repeticiones: los diferentes calculos de todas las clases de reloxes, desde viente y quatro horas de cuerda, hasta cuerda de año: las diversas enfermedades, que padecen los reloxes viejos, con eficaces medicinas para curarlos: Direcciones para regirlos: Y muchos casos en que los dueños podrán componerlos por sí mismos, sin necesitar Reloxeros>>. Incluye 10 láminas desplegables con grabados calcográficos en los que se ilustra la maquinaría de los relojes. Fe de erratas en la última página |
| 593 ## - COLECCIÓN ADICIONAL |
| Colección adicional |
Tratados, compendios y manuales |
| 648 #0 - PUNTO DE ACCESO ADICIONAL DE MATERIA--TÉRMINO CRONOLÓGICO |
| Término cronológico |
Viceroyalty period |
| Subdivisión cronológica |
Viceroyalty (1535-1821) |
| 9 (RLIN) |
30071 |
| 650 10 - PUNTO DE ACCESO ADICIONAL DE MATERIA--TÉRMINO DE MATERIA |
| Término de materia o nombre geográfico como elemento de entrada |
Watchmaking and clockmaking |
| Subdivisión general |
Early works to 1800 |
| 9 (RLIN) |
30091 |
| 650 10 - PUNTO DE ACCESO ADICIONAL DE MATERIA--TÉRMINO DE MATERIA |
| Término de materia o nombre geográfico como elemento de entrada |
Clocks and pocket watches |
| Subdivisión general |
Design and construction |
| 9 (RLIN) |
30092 |
| 651 #0 - PUNTO DE ACCESO ADICIONAL DE MATERIA--NOMBRE GEOGRÁFICO |
| Nombre geográfico |
Spain |
| 9 (RLIN) |
30093 |
| 700 1# - PUNTO DE ACCESO ADICIONAL--NOMBRE DE PERSONA |
| Nombre de persona |
Maré, Cipriano |
| Fechas asociadas al nombre |
(1775-1814) |
| Término indicativo de función/relación |
grabador |
| 9 (RLIN) |
30094 |
| 700 1# - PUNTO DE ACCESO ADICIONAL--NOMBRE DE PERSONA |
| Nombre de persona |
Cruzado, Antonio |
| Fechas asociadas al nombre |
(fl. 1794-1800) |
| Término indicativo de función/relación |
impresor |
| 9 (RLIN) |
30095 |
| 700 1# - PUNTO DE ACCESO ADICIONAL--NOMBRE DE PERSONA |
| Nombre de persona |
Durán, Ramón |
| Fechas asociadas al nombre |
(fl. 1798) |
| Término indicativo de función/relación |
editor |
| 9 (RLIN) |
30096 |
| 856 41 - LOCALIZACIÓN Y ACCESO ELECTRÓNICOS |
| Tipo de formato electrónico |
TIF//PDF |
| Identificador Uniforme del Recurso |
<a href="https://bibliotecadigital.franzmayer.org.mx/items/24437c1d-eb67-41f2-8ae6-63356251b0bc">https://bibliotecadigital.franzmayer.org.mx/items/24437c1d-eb67-41f2-8ae6-63356251b0bc</a> |
| Texto de enlace |
Biblioteca Digital Franz Mayer |
| 902 ## - CATALOGADOR |
| Iniciales |
KH |
| -- |
TV |
| -- |
MF |
| 942 ## - ELEMENTOS DE PUNTO DE ACCESO ADICIONAL (KOHA) |
| Fuente del sistema de clasificación o colocación |
Library of Congress Classification |
| Tipo de ítem Koha |
Libros |
| 960 ## - LOCALIZACIÓN FÍSICA (RLIN) |
| Localización física, PLOC (RLIN) |
CS-L3-N2 |
| 952 ## - LOCALIZACIÓN E INFORMACIÓN DEL ÍTEM/UNIDAD FÍSICA (KOHA) |
| Localización permanente |
Biblioteca del Museo Franz Mayer (Rogerio Casas-Alatriste) |
| Ubicación/localización actual |
Biblioteca del Museo Franz Mayer (Rogerio Casas-Alatriste) |
| Información codificada de la localización en otra ubicación |
CS-L3-N2 |
| Número de procedencia |
LM-8 (19-48) |
| Total de préstamos |
0 |
| Signatura topográfica completa |
TS545 .R56 1798 (LM-8 (19-48)) |
| Código de barras |
LAR00197 |
| Fecha visto por última vez |
2025-12-11 10:13:00 |
| Tipo de ítem Koha |
Libros |
| Estado del ejemplar |
El ejemplar forma parte de la colección y puede ser consultado según las políticas vigentes. |
| Estado de pérdida |
|
| Restricciones de uso |
Además de la credencial vigente, se requiere carta de motivos para autorizar la consulta. |
| Disponibilidad para consulta |
|
| Código de colección |
Libros Antiguos y Raros |